=LDR 00000nam 2200000 4500 =001 INLIS000000000031884 =005 20130612133928 =008 ***********************************Ind** =035 ##$$0010-061300000031884 =041 ##$$a Ind =082 ##$$a 390.360 959 821 =090 ##$$a 390.360 959 821, Isi i =245 ##$$a Isi dan kelengkapan rumah tangga tradisional menurut tujuan, fungsi dan kegunaan daerah Jawa Barat, Ena Sutarna...[ al.al. ] =260 ##$$a 1986 $b Jakarta =300 ##$$a x, 310 hlm, ilus, 22 cm =650 ##$$a Jawa Barat - Isi dan Kelengkapan rumah tangga =850 ##$$a NBPNMAT